| 000 | 01020cam a2200325 i 4500 | ||
|---|---|---|---|
| 001 | 200442508 | ||
| 999 |
_c200442508 _d60720 |
||
| 003 | TR-AnTOB | ||
| 005 | 20240920073832.0 | ||
| 007 | ta | ||
| 008 | 210802s1990 tu 000 0 tur d | ||
| 040 |
_aBGZ _beng _erda _cBGZ _dTR-AnTOB |
||
| 041 | 0 | _atur | |
| 050 |
_aHG5706.5.A3 _bK57 1990 |
||
| 090 |
_aHG5706.5.A3 _bK57 1990 |
||
| 100 |
_aKırman, Ahmet _eauthor _917972 |
||
| 245 | 1 | 0 |
_aMenkul kıymetler yatırım fonları ve vergilendirme / _cAhmet Kırman. |
| 264 | 1 |
_aAnkara : _bTürkiye Bankalar Birliği, _c1990. |
|
| 300 |
_a38 pages ; _c23 cm |
||
| 336 |
_2rdacontent _atext _btxt |
||
| 337 |
_2rdamedia _aunmediated _bn |
||
| 338 |
_2rdacarrier _avolume _bnc |
||
| 490 | 0 |
_aTürkiye Bankalar Birliği ; _vyayın no. 158. |
|
| 504 | _aBIB | ||
| 650 | 0 |
_aSermaye piyasası _zTürkiye _917859 |
|
| 650 | 7 |
_aVergilendirme _xHukuk ve mevzuat _zTürkiye _2 _937 |
|
| 710 | 2 |
_aTürkiye Bankalar Birliği _934056 |
|
| 942 |
_2lcc _cBK |
||